Statistics for Biggest Trading Partners: Gibraltar

Click here to take the quiz!

General Stats

  • This quiz has been taken 303 times
  • The average score is 17 of 22

Answer Stats

TypeRankCountryValuePercent% Correct
Exports5United Kingdom$8.51M4.95%
100%
Exports6Spain$5.81M3.38%
100%
Exports1Italy$41.8M24.3%
97%
Imports12Portugal$177M1.90%
97%
Imports4United States$989M10.6%
96%
Imports9France$250M2.69%
96%
Exports8Germany$2.58M1.50%
94%
Exports4Belgium-Luxembourg$22.9M13.3%
90%
Exports2Netherlands$38.3M22.3%
90%
Imports5Greece$672M7.22%
89%
Imports15Russia$148M1.59%
86%
Imports14Turkey$153M1.64%
83%
Imports16Japan$133M1.42%
81%
Imports10Sweden$202M2.17%
79%
Exports3Poland$31.6M18.4%
78%
Imports8India$308M3.31%
70%
Exports10Croatia$2.04M1.19%
55%
Exports7Malta$5.54M3.23%
55%
Imports17Romania$132M1.41%
53%
Imports11Bulgaria$192M2.06%
51%
Exports9New Zealand$2.06M1.20%
24%
Imports18Azerbaijan$126M1.35%
3%

Score Distribution

Percentile by Number Answered

Percent of People with Each Score

Your Score History

You have not taken this quiz